Marketingová štúdia výrobného podniku bakalárska práca

Guardado en:
Detalles Bibliográficos
Autor principal: Bališ, Andrej
Autor Corporativo: Fakulta podnikového manažmentu EU. Katedra manažmentu
Otros Autores: Marsina, Štefan
Formato: Libro
Lenguaje:eslovaco
Publicado: Bratislava 2009
Etiquetas: Agregar Etiqueta
Sin Etiquetas, Sea el primero en etiquetar este registro!

MARC

LEADER 00000nam$a2200000$$$4500
001 0103052
005 20240320075103.9
041 0 |a slo 
044 |a SK 
245 1 0 |a Marketingová štúdia výrobného podniku  |b bakalárska práca  |c Andrej Bališ ; škol. Štefan Marsina 
264 1 |a Bratislava  |c 2009 
300 |a 39 s. 
100 1 |a Bališ, Andrej 
700 1 |a Marsina, Štefan 
710 2 |a Fakulta podnikového manažmentu EU. Katedra manažmentu